| 000 | 00000nam##2200000za#4500 |
| 001 | 9.646680 |
| 003 | CaOODSP |
| 005 | 20200401055516 |
| 007 | ta |
| 008 | 150407|1997||||xxc||||| f|0| 0 eng|d |
| 020 | |a0-660-17117-1 |
| 040 | |aCaOODSP|beng |
| 043 | |an-cn--- |
| 086 | 1 |aCH4-1/22-1997E |
| 110 | 1 |aCanada. |bCanadian Heritage. |
| 245 | 14|aThe multimedia industry in Canada : |ban analysis of development options / |cPrepared by Groupe SECOR. |
| 260 | |aOttawa - Ontario : |bCanadian Heritage |c1997. |
| 300 | |a74p. : |bgraphs, tables ; |c28 cm. |
| 500 | |aContents: Introduction.--The Canadian multimedia industry.--The market: size and trends.--Financial aspects.--Government intervention.--Conclusions and recommendations.--Bibliography. |
| 504 | |aBibliography. |
| 563 | |aRing binding |
| 590 | |a97-36|b1997-09-05 |
| 690 | 07|aMultimedia|2gcpds |
| 775 | 08|tL'industrie du multimédia au Canada : |w(CaOODSP)9.680201 |
| 776 | 0#|tThe multimedia industry in Canada : |w(CaOODSP)9.696378 |